00337cam a22001214a 4500020002800000041000800028082001700036100002200053245002500075260006000100300001600160650003900176 a1563383349 (alk. paper) aENG00a226.066bGOO1 aGoodacre, Mark S.14aThe case against Q : aHarrisburg, Pa. :bTrinity Press International,cc2002. ax, 228 p. ; 0aQ hypothesis (Synoptics criticism)